| 000 | 00879cam a2200241 a 4500 | ||
|---|---|---|---|
| 001 | 3414948 | ||
| 005 | 20171219041500.0 | ||
| 008 | 901018s1990 ilu b 001 0 eng | ||
| 010 | _a 90021386 | ||
| 020 |
_a0915463563 : _c$24.95 |
||
| 040 |
_aDLC _cDLC _dDLC |
||
| 041 | _aeng | ||
| 043 | _an-us--- | ||
| 080 | _a342.73 | ||
| 082 | 0 | 0 |
_a342.73 JOH _a347.30229 _220 |
| 100 | 2 | _a16 | |
| 101 | _aHIS | ||
| 245 | 1 | 2 |
_aA child of fortune : _cJeffrey St. John ; foreword by Warren E. Burger. |
| 504 | _aIncludes bibliographical references (p. 367-372) and index. | ||
| 906 |
_a7 _bcbc _corignew _d1 _eocip _f19 _gy-gencatlg |
||
| 942 |
_2ddc _cBK |
||
| 999 |
_c39151 _d39151 |
||